Statistieken voor Landen die in de Bijbel worden genoemd

Klik hier om de quiz te nemen!

Algemene statistieken

  • Deze quiz is 87 keer genomen
  • De gemiddelde score is 16 van 21

Antwoordstatistieken

HintLand% Correct
Mozes leidde zijn mensen hiervandaanEgypte
97%
Het Heilige LandIsrael
97%
Toen bekend als PerziëIran
93%
Meerdere regio's van dit land worden genoemd inclusief Pontus, Galatië, Cappadocië, Azië en Bethanië
Turkije
92%
Jesaja beloofde that de hoofdstad van dit land een ruïne zou worden. Deze profetie lijkt uit zijn te komen in de jaren 2010.
Syrië
90%
Ninive en Babylon lagen hierIrak
89%
Waar Paulus stierfItalië
88%
Aan de andere kant van de rivier van het Heilige LandJordanië
88%
Paulus schreef brieven naar verschillende steden in dit landGriekenland
79%
Koningen van dit land brachten goud naar SalomoSaoedi-Arabië
79%
Paulus zeilde naar dit eilandCyprus
78%
Bekend voor zijn cederbomenLibanon
78%
Meest westelijke land dat in de Bijbel genoemd wordtSpanje
78%
Mediterraans land waar de stad Cyrene lagLibië
73%
Het land van Sheba heeft misschien hier gelegenJemen
71%
De meest oostelijke uithoek van het Perzische RijkIndia
64%
Een aantal personen vluchtten naar deze bergachtige regioArmenië
63%
Paulus kwam hier terecht met een schipbreukMalta
60%
Genoemd als de regio KushSoedan
55%
De Gihon rivier, stromend van de Tuin van Eden, omvat heel dit land
Ethiopië
51%
Titus reisde naar Dalmatië, op de kust van dit landKroatië
41%

Scoreverdeling

Percentiel versus Aantal Correcte Antwoorden

Procent van Mensen met Elke Score

Uw Scoregeschiedenis

U heeft deze quiz nog niet genomen